000
00322 a2200109 4500
001
ART_40299
005
20260410161646.0
008
260409a
245
1
0
_a
Ley 27260 de sinceramiento fiscal
100
1
_a
Caranta, Martín R.
773
0
_t
Consultor tributario
_g
- Año 10, Nº 115 (sep. 2016)
_w
REV474
999
_c
13824
_d
13824